[Event "Biel op"]
[Site "Biel"]
[Date "1993.??.??"]
[Round "8"]
[White "Bologan, Viktor"]
[Black "Golubev, Mihail"]
[Result "0-1"]
[WhiteElo "2510"]
[BlackElo "2500"]

1.e4 c5 2.Nf3 d6 3.Bb5+ Bd7 4.Bxd7+ Qxd7 5.c4 Nc6 6.Nc3 g6 7.d4 cxd4 8.Nxd4 Bg7
9.Nde2 Nf6 10.O-O O-O 11.f3 a6 12.a4 b6 13.Be3 Qb7 14.b3 Nd7 15.Rb1 Rfe8
16.Kh1 Rad8 17.Qd2 Nc5 18.Bg5 Ne5 19.Nd5 f6 20.Bh4 g5 21.Bf2 e6 22.Ndc3 a5
23.Qc2 Bh6 24.Rbd1 Kh8 25.Nb5 Bf8 26.Nec3 Qg7 27.Rd2 Rd7 28.Be3 Qh6 29.Qd1 Qh5
30.Bf2 Red8 31.Nd4 Bh6 32.Bg3 Qg6 33.Qc2 Bf8 34.Rfd1 Qh5 35.Nce2 Qg6 36.Nc3 Qh5
37.Ndb5 Qg6 38.Bf2 Qh5 39.Bxc5 bxc5 40.Rf1 g4 41.f4 g3 42.h3 Ng4 43.Qd3 Nf2+
44.Rdxf2 gxf2 45.f5 exf5 46.exf5 Re7 47.Rxf2 Re1+ 48.Kh2 Rde8 49.Nd5 Qg5
50.Qc3 R8e5 51.Nbc7 Rc1 52.Qb2 Bh6 53.Ne6 Qh4 54.Nef4 Rb1 55.Qxb1 Qxf2 56.Nd3 Qxf5
57.Qd1 Re4 58.Qf3 Qxf3 59.gxf3 Rd4 60.Nf2 f5  0-1

[Event "Bonn GSK"]
[Site "Bonn"]
[Date "1993.??.??"]
[Round "?"]
[White "Luetke, Jens"]
[Black "Roos, Thomas"]
[Result "1/2-1/2"]
[WhiteElo "2335"]
[BlackElo "2280"]

1.e4 c5 2.Nf3 d6 3.Bb5+ Nc6 4.O-O Bd7 5.Re1 Nf6 6.c3 a6 7.Bf1 Bg4 8.h3 Bh5
9.d3 e6 10.Bf4 d5 11.e5 Nd7 12.g4 Bg6 13.Bg3 Be7 14.a3 b5 15.Nbd2 Nb6 16.b3 Ra7
17.Qe2 Rd7 18.Ra2 c4 19.Qe3 d4 20.Nxd4 Nxd4 21.cxd4 cxd3 22.Nf3 Nd5 23.Qd2 Rc7
24.Rc1 O-O 25.Rxc7 Qxc7 26.Bxd3 Bxd3 27.Qxd3 Rc8 28.b4 Qc1+ 29.Qf1 Qc3 30.Kg2 Qb3
31.Ra1 Rc2 32.Qb1 Rb2 33.Qe4 Rc2  1/2-1/2

[Event "Wch U18"]
[Site "Bratislava"]
[Date "1993.??.??"]
[Round "2"]
[White "Kacheishvili, Giorgi"]
[Black "Hausrath, Daniel"]
[Result "1-0"]
[WhiteElo "2395"]
[BlackElo "2260"]

1.e4 c5 2.Nf3 d6 3.Bb5+ Nc6 4.O-O Bd7 5.Re1 Nf6 6.c3 a6 7.Bf1 Bg4 8.h3 Bh5
9.d3 e6 10.Nbd2 Be7 11.a4 O-O 12.g4 Bg6 13.Nh4 Nd7 14.Nxg6 hxg6 15.f4 g5
16.f5 Nde5 17.Nf3 Bf6 18.Be3 g6 19.Nxe5 Bxe5 20.Qd2 Bf6 21.Be2 exf5 22.gxf5 gxf5
23.exf5 Re8 24.Kh1 Re5 25.Bg4 Qe7 26.Bf2 Re8 27.Bg3 Rxe1+ 28.Rxe1 Qd7 29.Rxe8+ Qxe8
30.Bxd6 Ne5 31.Kg1 Nxg4 32.hxg4 Qxa4 33.Qe2 Qc6 34.Bg3 b5 35.Qe4 Qxe4 36.dxe4 Kf8
37.Kf2 Ke8 38.e5 Bd8 39.Ke3 Kd7 40.Ke4 Kc6 41.f6 Kc7 42.Be1 a5 43.Bd2 a4
44.Bxg5 b4 45.cxb4 cxb4 46.Bc1 b3 47.e6 fxe6 48.g5  1-0

[Event "Bratislava op"]
[Site "Bratislava"]
[Date "1993.??.??"]
[Round "4"]
[White "Petrik, Stanislav"]
[Black "Mochalov, Evgeny V"]
[Result "0-1"]
[WhiteElo "2240"]
[BlackElo "2420"]

1.e4 c5 2.Nf3 d6 3.Bb5+ Bd7 4.Bxd7+ Nxd7 5.O-O Ngf6 6.Qe2 e6 7.c3 Be7 8.d4 cxd4
9.cxd4 d5 10.e5 Ne4 11.Ne1 Rc8 12.Nd3 f5 13.f3 Ng5 14.Nc3 Qb6 15.Be3 O-O
16.Nf4 h6 17.Ng6 Rfe8 18.h4 Nh7 19.g4 Bb4 20.Rac1 Bxc3 21.bxc3 Nhf8 22.gxf5 Nxg6
23.fxg6 Rf8 24.c4 Qa6 25.Qd2 dxc4 26.Bxh6 Nb6 27.Qg5 Nd5 28.Bxg7 Kxg7 29.h5 Rh8
30.f4 Rcf8 31.f5 exf5 32.Rxf5 Rxf5 33.Qxf5 Qa3 34.Rf1 Qg3+ 35.Kh1 Qh4+ 36.Kg1 Qxh5
37.Qf7+ Kh6 38.Qxd5 Qg4+ 39.Qg2 Qxd4+ 40.Rf2 Rg8 41.Kh1 Qh4+ 42.Qh2 Qxh2+
43.Rxh2+ Kxg6 44.Rg2+ Kh7 45.Rh2+ Kg7 46.Rb2 b6 47.Rd2 Kf7 48.Rd4 b5 49.a4 c3
50.axb5 Rc8 51.Rd1 c2 52.Rc1 Ke6 53.Kg2 Kxe5 54.Kf3 Kd4  0-1

[Event "Wch U18"]
[Site "Bratislava"]
[Date "1993.??.??"]
[Round "4"]
[White "Kacheishvili, Giorgi"]
[Black "Petrov, Marijan"]
[Result "0-1"]
[WhiteElo "2395"]
[BlackElo "2330"]

1.e4 c5 2.Nf3 d6 3.Bb5+ Bd7 4.Bxd7+ Qxd7 5.c4 Nc6 6.O-O g6 7.d4 cxd4 8.Nxd4 Bg7
9.Nc2 Nf6 10.Nc3 O-O 11.f3 Nh5 12.Qe1 Ne5 13.Qe2 Rac8 14.Na3 f5 15.exf5 Qxf5
16.Nd5 Rf7 17.Nc2 Qd3 18.Qf2 Qxc4 19.Nce3 Qa6 20.Qh4 Nf6 21.Bd2 Qd3 22.Qh3 Rc5
23.Nxf6+ Bxf6 24.Rad1 Bg5 25.Rfe1 Qd4 26.Qe6 Qxb2 27.Kh1 Nd3 28.Nc4 Qd4 29.Be3 Bxe3  0-1

[Event "Wch U18"]
[Site "Bratislava"]
[Date "1993.??.??"]
[Round "5"]
[White "Kulaots, Kaido"]
[Black "Nordahl, Helge"]
[Result "1-0"]
[WhiteElo "2275"]
[BlackElo "2240"]

1.e4 c5 2.Nf3 d6 3.Bb5+ Bd7 4.Bxd7+ Qxd7 5.O-O Nc6 6.c3 e6 7.d4 d5 8.dxc5 Bxc5
9.exd5 exd5 10.Nbd2 Nge7 11.Nb3 Bb6 12.a4 O-O 13.a5 Bc7 14.a6 b6 15.Nbd4 Nf5
16.Qa4 Nfxd4 17.cxd4 Qd6 18.Bf4 Qxf4 19.Qxc6 Qd6 20.Rfc1 Rfc8 21.g3 Qd8 22.Qb5 g5
23.Rc6 g4 24.Nh4 Bf4 25.gxf4 Qxh4 26.Qxd5 Rxc6 27.Qxc6 Rd8 28.Re1 Rxd4 29.Qa8+ Kg7
30.Qxa7 Qd8 31.Qb7 Rd7 32.Qe4 Ra7 33.Ra1 Qd2 34.Qe5+ f6 35.Qb5 Qd4 36.Re1 Qd2
37.Qe8 Qb4 38.Re4 Qd6 39.f5 Qd1+ 40.Re1 Qd6 41.Qe4 h5 42.Qe8 Rf7 43.a7  1-0

[Event "Wch U18"]
[Site "Bratislava"]
[Date "1993.??.??"]
[Round "6"]
[White "Macionis, Andrius"]
[Black "Kulaots, Kaido"]
[Result "0-1"]
[WhiteElo "2350"]
[BlackElo "2275"]

1.e4 c5 2.Nf3 d6 3.Bb5+ Bd7 4.Bxd7+ Qxd7 5.c4 Nf6 6.Nc3 Nc6 7.d4 cxd4 8.Nxd4 g6
9.f3 Bg7 10.Be3 O-O 11.O-O e6 12.Qd2 Rac8 13.Nde2 Rfd8 14.Rfd1 b6 15.Rac1 Qb7
16.Bg5 Rd7 17.b3 a6 18.a4 Ne8 19.Qe3 Nc7 20.Rd2 b5 21.cxb5 axb5 22.axb5 Nxb5
23.Nxb5 Qxb5 24.Rdc2 Qb7 25.Qd3 d5 26.Bh4 Bh6 27.f4 Bf8 28.Be1 Ba3 29.Ra1 Ra8
30.Kf1 Nb4 31.Bxb4 Bxb4 32.Rxa8+ Qxa8 33.Qb5 Rb7 34.Qc6 dxe4 35.Qxe4 Bf8
36.Qf3 Qb8 37.Rc3 Rd7 38.Rd3 Ra7 39.g3 Ra2 40.Kg2 Rb2 41.Kh3 Qa7 42.Nd4 Qa2
43.Qh1 Rf2 44.Nf3 Re2 45.Rc3 h5 46.b4 Re4 47.g4 Rxf4  0-1

[Event "Bratislava op"]
[Site "Bratislava"]
[Date "1993.??.??"]
[Round "6"]
[White "Petrik, Stanislav"]
[Black "Baimuratov, Samat"]
[Result "0-1"]
[WhiteElo "2240"]
[BlackElo "2335"]

1.e4 c5 2.Nf3 d6 3.Bb5+ Nd7 4.O-O Nf6 5.Re1 a6 6.Bf1 b5 7.a4 b4 8.d4 cxd4
9.Qxd4 e6 10.Bg5 Be7 11.Qxb4 d5 12.Qc3 dxe4 13.Nd4 Bb7 14.Nc6 Bxc6 15.Qxc6 O-O
16.Rd1 Qb8 17.Rxd7 Ng4 18.g3 Bxg5 19.Rb7 Qe5 20.Nc3 Qf5 21.Qb6 Be3 22.Qxe3 Nxe3
23.fxe3 Qc5 24.Re1 f5  0-1

[Event "Wch U18"]
[Site "Bratislava"]
[Date "1993.??.??"]
[Round "7"]
[White "Pavasovic, Dusko"]
[Black "Kraschl, Joerg"]
[Result "1-0"]
[WhiteElo "2285"]
[BlackElo "2225"]

1.e4 c5 2.Nf3 d6 3.Bb5+ Bd7 4.Bxd7+ Nxd7 5.O-O Ngf6 6.Re1 e6 7.c3 Be7 8.d4 cxd4
9.cxd4 d5 10.e5 Ne4 11.Nc3 Nxc3 12.bxc3 O-O 13.Re3 Nb6 14.Nd2 Bg5 15.Rg3 Bxd2
16.Bxd2 f5 17.Bg5 Qd7 18.Qh5 Rf7 19.Rh3 h6 20.Bf4 Kf8 21.Rg3 Ke7 22.Rg6 Kd8
23.g4 fxg4 24.Qxg4 Kc7 25.Bg3 Re8 26.f4 Kc8 27.Rf1 Nc4 28.Re1 b6 29.Kh1 Kb7
30.Bf2 Ref8 31.Qxe6 Qxe6 32.Rxe6 Rxf4 33.Re7+ Kc6 34.Bg3 Rf1+ 35.Rxf1 Rxf1+
36.Kg2 Ne3+ 37.Kh3 g5 38.Re6+ Kd7 39.Rg6 Ke7 40.Rg7+ Ke6 41.Rh7 Nf5 42.Kg4 a5
43.Rc7 Ne7 44.Kh5 Ra1 45.Rb7 Rxa2 46.Rxb6+ Kf7 47.Rxh6 Re2 48.Ra6 Re3 49.Rxa5 Rxc3
50.Kxg5 Rc4 51.h4 Rxd4 52.Ra6 Re4 53.h5 d4 54.h6 d3 55.h7 Kg7 56.Ra7 Kxh7
57.Rxe7+ Kg8 58.Rd7 Re2 59.Rxd3 Kf7 60.Kf5 Ke7 61.Bh4+  1-0

[Event "Bratislava op"]
[Site "Bratislava"]
[Date "1993.??.??"]
[Round "9"]
[White "Fish, Gannadij"]
[Black "Ryskin, Alexander"]
[Result "1/2-1/2"]
[WhiteElo "2440"]
[BlackElo "2515"]

1.e4 c5 2.Nf3 d6 3.Bb5+ Bd7 4.Bxd7+ Qxd7 5.O-O Nf6 6.Qe2 e6 7.c3 Be7 8.d4 O-O
9.dxc5 dxc5 10.Bg5 Nc6 11.Rd1 Qc7 12.Nbd2 Rad8 13.a4 Nd7 14.Bxe7 Nxe7 15.Nc4 Nb6
16.Nxb6 Qxb6 17.Qb5 Qc6 18.Ne5 Qc7 19.Nc4 h6 20.Qa5 b6 21.Qb5 Nc6 22.h3 Ne5
23.Nxe5  1/2-1/2

[Event "Bratislava op"]
[Site "Bratislava"]
[Date "1993.??.??"]
[Round "9"]
[White "Berezjuk, Sergej"]
[Black "Djubek, Boris"]
[Result "1-0"]
[WhiteElo "2435"]
[BlackElo "2280"]

1.e4 c5 2.Nf3 d6 3.Bb5+ Nd7 4.d4 cxd4 5.Qxd4 a6 6.Bxd7+ Bxd7 7.O-O e5 8.Qd3 Be7
9.c4 h6 10.Nc3 Nf6 11.Nh4 O-O 12.Nf5 Bxf5 13.exf5 Qd7 14.f3 Qc6 15.b3 Rfd8
16.Rd1 Rd7 17.Be3 Rad8 18.Nd5 b5 19.Rac1 bxc4 20.Rxc4 Qxd5 21.Qxd5 Nxd5 22.Rxd5 Ra8
23.b4 Rb7 24.a4 Kf8 25.Kf2 Ke8 26.Ke2 Kd7 27.Kd3 Rab8 28.Kc3 Bd8 29.f4 f6
30.Bc5 Bc7 31.fxe5 fxe5 32.Rg4 Kc6 33.Rd1 Rd8 34.Rg6 Bb8 35.Kc4 Rbd7 36.Rd5 Kb7
37.Be3 Rf8 38.g4 h5 39.h3 hxg4 40.hxg4 Rf6 41.Rxf6 gxf6 42.Rd2 Rc7+ 43.Kd5 Rc3
44.Bh6 Bc7 45.Bg7 Rg3 46.Bxf6 Rxg4 47.Be7 Rd4+ 48.Rxd4 exd4 49.Kxd4 Kc6 50.f6 Kd7
51.Kd5 Bb8 52.Bf8  1-0

[Event "Brussels zt"]
[Site "Brussels"]
[Date "1993.??.??"]
[Round "1"]
[White "Relange, Eloi"]
[Black "Sosonko, Gennadi"]
[Result "1/2-1/2"]
[WhiteElo "2295"]
[BlackElo "2535"]

1.e4 c5 2.Nf3 d6 3.Bb5+ Bd7 4.Bxd7+ Qxd7 5.O-O e6 6.c3 Nf6 7.Re1 Nc6 8.d3 Be7
9.a3 O-O 10.b4 cxb4 11.axb4 b5 12.h3 a5 13.bxa5 Rxa5 14.Rxa5 Nxa5 15.Ba3 Rc8
16.Nd4 Bf8 17.Re2 Ne8 18.Rb2 Nc7 19.Nd2 Nc6 20.N2f3 Ra8 21.Qb3 Na5 22.Qc2 Nb7
23.Bb4 Nc5 24.Qb1 Na4 25.Ra2 g6 26.e5 Nd5 27.Qb3 Rc8 28.c4 bxc4 29.Qxa4 Qxa4
30.Rxa4 Nxb4 31.Rxb4 dxe5 32.Rxc4 Rxc4 33.dxc4 exd4 34.Nxd4 e5 35.Nb3 f5
36.f3 Kf7 37.Kf2 Ke6 38.Ke3 Bb4 39.Kd3 h5 40.Ke3 h4 41.Kd3 Kd6 42.Na1 Bc5
43.Nc2 Ke6 44.Na1 Bf2 45.Nc2 Bc5 46.Na1 Bg1 47.Nc2 Kf6 48.Nb4 Ke6  1/2-1/2

[Event "Brussels zt"]
[Site "Brussels"]
[Date "1993.??.??"]
[Round "2"]
[White "Bosboom, Manuel"]
[Black "Van Wely, Loek"]
[Result "1-0"]
[WhiteElo "2425"]
[BlackElo "2560"]

1.e4 c5 2.Nf3 d6 3.Bb5+ Bd7 4.Bxd7+ Nxd7 5.O-O Ngf6 6.Qe2 e6 7.c3 Be7 8.d4 O-O
9.Rd1 d5 10.e5 Ne8 11.Nbd2 Qb6 12.Nf1 Qa6 13.Rd3 cxd4 14.cxd4 Rc8 15.Bg5 Bxg5
16.Nxg5 h6 17.Nh3 Rc6 18.Re1 Nc7 19.Qd2 Rc8 20.Ra3 Qb5 21.Ne3 Nf8 22.Rb3 Qa6
23.Ng4 Nb5 24.Nxh6+ gxh6 25.Qxh6 Nxd4 26.Rg3+ Ng6 27.Rxg6+ fxg6 28.Qxg6+ Kf8
29.Ng5 Ke7 30.Qg7+ Kd8 31.h4 Nf5 32.Qf7 R8c7 33.Qg8+ Kd7 34.Nh7 Rc8 35.Qf7+ Ne7
36.Nf6+ Kc7 37.Qxe7+ Kb6 38.h5 Qxa2 39.Qb4+ Ka6 40.h6 Qa5 41.Qxa5+ Kxa5 42.g4 d4
43.Kg2 Rd8 44.Rd1 Rc5 45.h7 Rh8 46.f4 Rc2+ 47.Kf3 Rxb2 48.g5 Rh2 49.g6 b5
50.Rg1 Rh3+ 51.Rg3 Rxg3+ 52.Kxg3 d3 53.Kf2 Rd8 54.Ke1  1-0

[Event "Brussels zt"]
[Site "Brussels"]
[Date "1993.??.??"]
[Round "3"]
[White "Relange, Eloi"]
[Black "Van der Wiel, John TH"]
[Result "0-1"]
[WhiteElo "2295"]
[BlackElo "2555"]

1.e4 c5 2.Nf3 d6 3.Bb5+ Bd7 4.Bxd7+ Nxd7 5.O-O Ngf6 6.Re1 e6 7.d4 cxd4 8.Qxd4 Qc7
9.c4 Ne5 10.Nbd2 Be7 11.b3 Nfg4 12.Nxe5 dxe5 13.Qd3 Bc5 14.Re2 Bd4 15.Rb1 O-O-O
16.Qg3 f5 17.Nf3 Bxf2+ 18.Rxf2 Rd1+  0-1

[Event "Bucharest"]
[Site "Bucharest"]
[Date "1993.??.??"]
[Round "?"]
[White "Zaitsev, Igor A"]
[Black "Neverov, Valeriy"]
[Result "0-1"]
[WhiteElo "2450"]
[BlackElo "2550"]

1.e4 c5 2.Nf3 d6 3.Bb5+ Nc6 4.O-O Bd7 5.c3 Nf6 6.Re1 a6 7.Bxc6 Bxc6 8.d4 Bxe4
9.Bg5 Bc6 10.Bxf6 gxf6 11.d5 Bd7 12.Nh4 Qc7 13.Qh5 h6 14.Nf5 Rg8 15.h4 Bxf5
16.Qxf5 Qd7 17.Qh5 Qg4 18.Qxg4 Rxg4 19.g3 h5 20.Nd2 Bh6 21.Nf1 Kd7 22.Ne3 Bxe3
23.Rxe3 f5 24.f4 Re8 25.Kh2 e6 26.Rd1 Rgg8 27.dxe6+ Rxe6 28.Re5 Rxe5 29.fxe5 Rg6
30.Rf1 Ke6 31.exd6 Ke5 32.d7 Rd6 33.Re1+ Kf6 34.Re2 Rxd7 35.Kg2 Rd3 36.Kf2 b5
37.a3 c4 38.Re8 Rd2+ 39.Ke3 Rxb2 40.Ra8 Rg2 41.Kf4 Rf2+ 42.Ke3 Rc2 43.Kf4 Rxc3
44.Rxa6+ Kg7 45.Rb6 Rb3 46.Rb7 Kg6 47.Rb6+ f6 48.Rb8 c3 49.Rg8+ Kf7 50.Rb8 Rxa3
51.Rxb5 Ra4+ 52.Kxf5 Rc4 53.Rb7+ Kf8  0-1

[Event "Bucharest"]
[Site "Bucharest"]
[Date "1993.??.??"]
[Round "?"]
[White "Hauchard, Arnaud"]
[Black "Neverov, Valeriy"]
[Result "0-1"]
[WhiteElo "2450"]
[BlackElo "2550"]

1.e4 c5 2.Nf3 d6 3.Bb5+ Bd7 4.Bxd7+ Qxd7 5.O-O Nf6 6.e5 dxe5 7.Nxe5 Qc8 8.Qf3 e6
9.Nc3 Be7 10.d3 O-O 11.Bf4 Nc6 12.Rfe1 Nb4 13.Re2 Nd7 14.Qg3 Nxe5 15.Bxe5 f6
16.Bd6 Bxd6 17.Qxd6 Rd8 18.Qg3 Nc6 19.Ne4 Nd4 20.Rd2 Kh8 21.c3 Nf5 22.Qf3 Rd5
23.Ng3 Qd7 24.Nxf5 Rxf5 25.Qe4 Re5 26.Qc4 Rd8 27.Rad1 b5 28.Qf4 Rd5 29.Qe3 h6
30.h3 e5 31.f4 Qf5 32.fxe5 Rxe5 33.Qf2 Qe6 34.b3 Re3 35.Qf4 Rd5 36.Kh2 Kh7
37.c4 Rf5 38.Qc7 b4 39.d4 cxd4 40.Rxd4 Rg5 41.R4d2 Re2 42.Rxe2 Qxe2 43.Rg1 Qxa2
44.h4 Rg4 45.Qd7 Rxh4+ 46.Kg3 Rh5 47.Qd3+ f5 48.c5 Qb2 49.Kf3 Qe5 50.c6 Qc5  0-1

[Event "Bucharest"]
[Site "Bucharest"]
[Date "1993.??.??"]
[Round "?"]
[White "Nevednichy, Vladislav"]
[Black "Tseitlin, Mikhail S"]
[Result "1/2-1/2"]
[WhiteElo "2495"]
[BlackElo "2485"]

1.e4 c5 2.Nf3 d6 3.Bb5+ Bd7 4.Bxd7+ Qxd7 5.c4 Nc6 6.Nc3 Ne5 7.Nxe5 dxe5 8.Qh5 Qd4
9.Qe2 e6 10.d3 Qd7 11.O-O Ne7 12.f4 exf4 13.Bxf4 Ng6 14.Bg3 Be7 15.e5 O-O
16.Kh1 Rad8 17.Rf3 a6 18.Raf1 Qd4 19.Re1 Qg4 20.Qd1 Bh4 21.h3 Qh5 22.Bxh4 Nxh4
23.Rg3 Qxd1 24.Rxd1 Nf5 25.Rf3 Rd4 26.Na4 Rc8 27.b3 b5 28.Nc3 Nh4 29.Re3 Nf5
30.Rf3 Nh4 31.Re3  1/2-1/2

[Event "Bucharest schev"]
[Site "Bucharest"]
[Date "1993.??.??"]
[Round "?"]
[White "Iordachescu, Viorel"]
[Black "Dumitrescu, Dragos"]
[Result "1-0"]
[WhiteElo "2305"]
[BlackElo "2290"]

1.e4 c5 2.Nf3 d6 3.Bb5+ Bd7 4.Bxd7+ Qxd7 5.c4 Nc6 6.O-O Nf6 7.Nc3 g6 8.d4 cxd4
9.Nxd4 Bg7 10.Nde2 O-O 11.f3 Ne5 12.b3 a6 13.a4 b6 14.Be3 Qb7 15.Qd2 Rfc8
16.Rac1 Nfd7 17.Nd4 Nc5 18.Rb1 e6 19.Rfd1 Rc7 20.Qe2 h5 21.Kh1 Rac8 22.Bg1 Nc6
23.h3 Be5 24.Nxc6 Bxc3 25.Nd4 d5 26.exd5 exd5 27.Qe3 Bxd4 28.Rxd4 dxc4 29.Rxc4 Qd5
30.Rbc1 a5 31.b4 axb4 32.a5 b3 33.axb6 b2 34.bxc7 bxc1=Q 35.Rxc1 Ne6 36.Bh2 Qd7
37.h4 Kh7 38.Bg3 Ng7 39.Qg5 Nf5 40.Be5 Re8 41.Qf6 Rc8 42.Rb1  1-0

[Event "Bucharest"]
[Site "Bucharest"]
[Date "1993.??.??"]
[Round "?"]
[White "Zaitsev, Igor A"]
[Black "Timoshenko, Georgy"]
[Result "1/2-1/2"]
[WhiteElo "2450"]
[BlackElo "2515"]

1.e4 c5 2.Nf3 d6 3.Bb5+ Nc6 4.O-O Bd7 5.c3 Nf6 6.Re1 a6 7.Ba4 c4 8.d4 cxd3
9.Qxd3 g6 10.Bxc6 Bxc6 11.c4 Bg7 12.Nc3 O-O 13.Bd2 Nd7 14.b4 b5 15.Rac1 Ne5
16.Nxe5 dxe5 17.Qe2 bxc4 18.Bg5 Qd3 19.Qb2 Qd7 20.Red1 Qb7 21.Nd5 Bxd5 22.exd5 Rac8
23.d6 e4 24.Qa3 exd6 25.Rxd6 Rc6 26.Rd5 Rb6 27.Rc5 Rxb4 28.R5xc4 Rb5 29.Qe3 Qd5
30.h4 Re8 31.Rc8 Rb8 32.Rxb8 Rxb8 33.Qa7 Ra8 34.Qe7 Bd4 35.Bh6 Qf5 36.Be3 Bxe3
37.fxe3 Rb8 38.Rf1 Qd5 39.h5 Qxa2 40.Qxe4 Qe6 41.Qxe6 fxe6 42.hxg6 hxg6 43.Ra1 Rb6
44.Kf2 Kf7 45.Ra5 Kf6 46.Kf3 Rd6 47.Kf4 Rc6 48.e4 Rb6 49.g3  1/2-1/2

[Event "Bucharest (Women)"]
[Site "Bucharest"]
[Date "1993.??.??"]
[Round "2"]
[White "Ionescu Brandis, Irina"]
[Black "Iosif, Cristina S"]
[Result "1-0"]
[WhiteElo "2185"]
[BlackElo "2195"]

1.e4 c5 2.Nf3 d6 3.Bb5+ Bd7 4.Bxd7+ Qxd7 5.c4 Nc6 6.Nc3 Nf6 7.O-O g6 8.d4 cxd4
9.Nxd4 Bg7 10.Nde2 O-O 11.f3 a6 12.a4 Qc7 13.Be3 e6 14.Rc1 Nd7 15.Kh1 Nc5
16.Bg1 Nb4 17.b3 Rad8 18.Rb1 Rd7 19.Qd2 f5 20.exf5 Rxf5 21.Ng3 Rf8 22.Nce4 Ncd3
23.Nf2 Nxf2+ 24.Bxf2 a5 25.Rbc1 Qd8 26.Ne4 Be5 27.Rfd1 b6 28.Qe1 Na6 29.Bh4 Qe8
30.Bg3 Bxg3 31.Qxg3 d5 32.cxd5 exd5 33.Qg4 Rd8 34.Nc3 Qf7 35.Qd4 Nc5 36.Rb1 Rd6
37.Nb5 Rd7 38.Qg4 Rfd8 39.Nd4 Qf6 40.Kg1 h5 41.Qg3 Kh7 42.Qf2 Re8 43.Qd2 Rde7
44.b4 axb4 45.Qxb4 Qg5 46.Qb5 Qe3+ 47.Kf1 Ne4 48.fxe4 Rf8+ 49.Nf3 dxe4 50.Re1 Qa3
51.Rb3 Qd6 52.Qb4 Qd7 53.Kg1 Kh6 54.Qd2+ Qxd2 55.Nxd2 Ra8 56.Rb4 e3 57.Ne4 Rea7
58.Nc3 Re8  1-0

[Event "Bucharest Caissa"]
[Site "Bucharest"]
[Date "1993.??.??"]
[Round "3"]
[White "Mathe, Gaspar"]
[Black "Szalanczy, Emil"]
[Result "1-0"]
[WhiteElo "2405"]
[BlackElo "2365"]

1.e4 c5 2.Nf3 d6 3.Bb5+ Nc6 4.c3 Bd7 5.O-O a6 6.Ba4 Nf6 7.Re1 b5 8.Bc2 Bg4
9.h3 Bxf3 10.Qxf3 g6 11.a4 Rc8 12.axb5 axb5 13.Qe2 Qb6 14.Na3 Rb8 15.Nxb5 Qxb5
16.Qxb5 Rxb5 17.Ra6 Ra5 18.Rxc6 Kd7 19.Rb6 Kc7 20.Rb3 Bh6 21.Ra3 Rxa3 22.bxa3 e5
23.Bb3 Rb8 24.Bxf7 Rb1 25.Bc4 Ra1 26.f3 Nh5 27.Kf2 Bf4 28.Ke2 Bg3 29.Rd1 Nf4+
30.Kf1 h5 31.Kg1 h4 32.Rf1 Rb1 33.d4 cxd4 34.cxd4 Rb6 35.d5 g5 36.Bd2 Rb2
37.Rd1 Rc2 38.Bb5 Kb6 39.Bf1 Ra2 40.Be3+ Ka5 41.Rb1 Rc2 42.Rb4 Ne2+ 43.Bxe2 Rxe2
44.Bb6+ Ka6 45.Rb1 Ra2 46.Be3 g4 47.hxg4 Rxa3 48.Bg5 h3 49.gxh3 Rxf3 50.Kg2 Rd3
51.Rf1  1-0

[Event "Bucharest ENE"]
[Site "Bucharest"]
[Date "1993.??.??"]
[Round "5"]
[White "Zaitsev, Igor A"]
[Black "Panchenko, Alexander N"]
[Result "1/2-1/2"]
[WhiteElo "2415"]
[BlackElo "2475"]

1.e4 c5 2.Nf3 d6 3.Bb5+ Bd7 4.Bxd7+ Nxd7 5.O-O Ngf6 6.Re1 e6 7.c3 Be7 8.d4 O-O
9.e5 Ne8 10.Be3 Qc7 11.exd6 Nxd6 12.Bf4 Nf6 13.Na3 Rfd8 14.Qe2 Rac8 15.Rad1  1/2-1/2

[Event "Bucharest ENE"]
[Site "Bucharest"]
[Date "1993.??.??"]
[Round "6"]
[White "Chernov, Vadim"]
[Black "Itkis, Boris"]
[Result "1/2-1/2"]
[WhiteElo "2400"]
[BlackElo "2430"]

1.e4 c5 2.Nf3 d6 3.Bb5+ Bd7 4.Bxd7+ Nxd7 5.c4 Ngf6 6.Nc3 e6 7.O-O Be7 8.d4 cxd4
9.Nxd4 O-O 10.b3 a6 11.Bb2 Qb8  1/2-1/2

[Event "Bucharest TIT-2 (Women)"]
[Site "Bucharest"]
[Date "1993.??.??"]
[Round "6"]
[White "Diozu, Maia"]
[Black "Petrenko, Svetlana"]
[Result "1/2-1/2"]
[WhiteElo "2020"]
[BlackElo "2075"]

1.e4 c5 2.Nf3 d6 3.Bb5+ Bd7 4.Bxd7+ Qxd7 5.O-O Nc6 6.c3 Nf6 7.d4 Nxe4 8.d5 Ne5
9.Nxe5 dxe5 10.Re1 Nf6 11.Rxe5 e6 12.c4 O-O-O 13.Nc3 Bd6 14.Re1 exd5 15.Nxd5 Nxd5
16.Qxd5 f6 17.Kh1 Kb8 18.Be3 Qc7 19.Rad1 Rhe8 20.Qf3 Be5 21.b3 g5 22.Rxd8+ Rxd8
23.Rd1 Rxd1+ 24.Qxd1 Qd6 25.Qxd6+ Bxd6 26.g3 Kc7 27.Kg2 b6 28.Kf3 Kd7 29.Kg4 Ke8
30.Kh5 Kf7 31.Kh6 Kg8 32.f4 Bf8+ 33.Kh5 gxf4 34.Bxf4 Kf7 35.Bb8 a6 36.Kg4 b5
37.Kf5 bxc4 38.bxc4 Bh6  1/2-1/2

[Event "Bucharest (Women)"]
[Site "Bucharest"]
[Date "1993.??.??"]
[Round "8"]
[White "Sheremetieva, Marina"]
[Black "Iosif, Cristina S"]
[Result "1-0"]
[WhiteElo "2255"]
[BlackElo "2195"]

1.e4 c5 2.Nf3 d6 3.Bb5+ Bd7 4.Bxd7+ Qxd7 5.c4 Nc6 6.Nc3 Nf6 7.O-O g6 8.d4 cxd4
9.Nxd4 Nxd4 10.Qxd4 Bg7 11.Bg5 O-O 12.Rad1 Ng4 13.Qd2 h6 14.Bf4 Rac8 15.b3 Kh7
16.Nd5 Qe6 17.f3 Nf6 18.Be3 a6 19.Nf4 Qd7 20.c5 Ne8 21.Qf2 Rc6 22.Nd5 Qe6
23.Qh4 Nf6 24.Nb4 Rcc8 25.cxd6 exd6 26.Qf2 Nd7 27.Nd5 Rfe8 28.Rc1 Red8 29.Qd2 Qe5
30.Rfd1 Bf8 31.Bd4 Qe6 32.Bb2 Bg7 33.Nf4 Qe7 34.Rxc8 Rxc8 35.Bxg7 Kxg7 36.Qxd6 Qxd6
37.Rxd6 Rc1+ 38.Kf2 Rc2+ 39.Ke3 g5 40.Nh5+  1-0

[Event "Bucharest (Women)"]
[Site "Bucharest"]
[Date "1993.??.??"]
[Round "9"]
[White "Ionescu Brandis, Irina"]
[Black "Peptan, Corina"]
[Result "0-1"]
[WhiteElo "2185"]
[BlackElo "2315"]

1.e4 c5 2.Nf3 d6 3.Bb5+ Nd7 4.O-O Nf6 5.Re1 e6 6.d4 cxd4 7.Qxd4 Be7 8.Bg5 O-O
9.Nc3 Qc7 10.Rad1 Rd8 11.Bxd7 Bxd7 12.Bxf6 Bxf6 13.Qxd6 Qa5 14.Qd2 Bxc3 15.Qxc3 Qxc3
16.bxc3 Ba4 17.Nd4 Rac8 18.Nb3 Kf8 19.Rxd8+ Rxd8 20.Nc5 Bxc2 21.Nxb7 Rd7
22.Nc5 Rd2 23.Rc1 Bd3 24.a4 Bc4 25.g3 Ke7 26.Kg2 Kd6 27.Nb7+ Kc7 28.Na5 Ba2  0-1

[Event "Bucharest Caissa"]
[Site "Bucharest"]
[Date "1993.??.??"]
[Round "10"]
[White "Mathe, Gaspar"]
[Black "Groszpeter, Attila"]
[Result "1/2-1/2"]
[WhiteElo "2405"]
[BlackElo "2525"]

1.e4 c5 2.Nf3 d6 3.Bb5+ Bd7 4.Bxd7+ Nxd7 5.O-O Ngf6 6.Re1 e6 7.c3 Be7 8.d4 cxd4
9.cxd4 d5 10.e5 Ne4 11.Re2 O-O 12.Ne1 f5 13.exf6 Bxf6 14.Nc3 Nxc3 15.bxc3 Re8
16.Nd3 Rc8 17.Qe1 Qb6 18.Bd2 Qc6 19.Rb1 b6  1/2-1/2

[Event "Bucharest ENE"]
[Site "Bucharest"]
[Date "1993.??.??"]
[Round "10"]
[White "Komliakov, Viktor"]
[Black "Ardeleanu, Alin"]
[Result "1/2-1/2"]
[WhiteElo "2440"]
[BlackElo "2385"]

1.e4 c5 2.Nf3 d6 3.Bb5+ Nd7 4.O-O a6 5.Bxd7+ Qxd7 6.d4 cxd4 7.Qxd4 Nf6 8.a4 e5
9.Qd3 Qc6 10.Re1 Be6 11.b3 h6 12.c4 Be7 13.Nc3 O-O 14.Ba3 Rfe8 15.Nd5 Bxd5
16.cxd5 Qd7 17.Nd2 b5 18.axb5 axb5 19.Bb4 Rec8 20.Ba5 Nh5 21.g3 Bg5 22.Nf1 g6
23.Bb6 Kg7 24.f3 Qb7 25.Bf2 b4 26.Rxa8 Qxa8 27.Qb5 Qa2 28.Qxb4 Rc2 29.Qb6 Bd8
30.Qe3 Bg5 31.Qb6 Bd8 32.Qe3 Qb2 33.Rd1 Ba5 34.f4 Bb4 35.Qf3 Rxf2 36.Qxf2 Bc5
37.Ne3 Qxb3 38.Re1 Nf6 39.Qf3 exf4 40.gxf4 Qb4 41.Re2 Nxe4 42.Kg2 f5 43.Qf1 Kf7
44.Qe1 Qb5 45.Kf3 Bxe3 46.Rxe3 Qxd5 47.Kg2 g5 48.fxg5 hxg5 49.h3 Nd2+ 50.Kf2 Ne4+
51.Kg2 Kg6 52.Qe2 Ng3+ 53.Qf3 Qd2+ 54.Qf2 Qd5+ 55.Qf3 Ne4 56.Qe2 Qc5 57.Rb3 Qd5
58.Re3  1/2-1/2

[Event "Bucharest ENE"]
[Site "Bucharest"]
[Date "1993.??.??"]
[Round "11"]
[White "Nevednichy, Vladislav"]
[Black "Panchenko, Alexander N"]
[Result "1/2-1/2"]
[WhiteElo "2535"]
[BlackElo "2475"]

1.e4 c5 2.Nf3 d6 3.Bb5+ Bd7 4.Bxd7+ Nxd7 5.c4 Ngf6 6.Nc3 e6 7.O-O Be7 8.d4 cxd4
9.Nxd4 a6 10.Be3 O-O 11.Qe2 Rc8 12.Rfd1 Qc7  1/2-1/2

[Event "Bucharest Tim"]
[Site "Bucharest"]
[Date "1993.??.??"]
[Round "13"]
[White "Iordachescu, Viorel"]
[Black "Chachere, Lawrence"]
[Result "1-0"]
[WhiteElo "2305"]
[BlackElo "2225"]

1.e4 c5 2.Nf3 d6 3.Bb5+ Bd7 4.Bxd7+ Nxd7 5.c4 Ne5 6.Nxe5 dxe5 7.Nc3 e6 8.Qa4+ Qd7
9.Nb5 Kd8 10.b4 Qd3 11.Nxa7 Qxe4+ 12.Kd1 Rxa7 13.Qxa7 Qxg2 14.Re1 f6 15.bxc5 Ne7
16.Qb8+ Nc8 17.Rb1 Qg4+ 18.Re2 Qg1+ 19.Kc2 Qg4 20.Rxb7 Qxc4+ 21.Kd1 Qxc5
22.Re3 Bd6 23.Qa8 e4 24.Rc3 Qh5+ 25.Kc2  1-0

[Event "Budapest"]
[Site "Budapest"]
[Date "1993.??.??"]
[Round "?"]
[White "Kalmar, Karoly"]
[Black "Szalanczy, Emil"]
[Result "0-1"]
[WhiteElo "2270"]
[BlackElo "2365"]

1.e4 c5 2.Nf3 d6 3.Bb5+ Nc6 4.O-O Bd7 5.c3 a6 6.Ba4 Nf6 7.Re1 b5 8.Bc2 Bg4
9.h3 Bxf3 10.Qxf3 g6 11.d3 Bg7 12.Nd2 O-O 13.Nf1 b4 14.Bd2 Rb8 15.Rab1 Nd7
16.Ne3 e6 17.Bb3 a5 18.Ba4 Qc7 19.Qe2 Rb7 20.Nc4 Nde5 21.Nxe5 dxe5 22.Be3 Qd6
23.Red1 Rfb8 24.Qc2 Bf8 25.Bb3 Na7 26.Bc4 Nb5 27.Kf1 h5 28.Bxb5 Rxb5 29.cxb4 axb4
30.b3 Ra5 31.Rb2 Qa6 32.Ke1 Kh7 33.Rd2 Rd8 34.Qc4 Qa7 35.Ke2 Bh6 36.f3 Bxe3
37.Kxe3 Rd4 38.Qc2 c4 39.dxc4 Rxc4+  0-1